[Event "Match"]
[Site "www.echecsemail.com"]
[Date "2019.07.16"]
[Round "1"]
[White "Foxy100"]
[Black "Apdash"]
[WhiteElo "2480"]
[BlackElo "2220"]
[Result "1-0"]
[Round "1"]
1.e4 c5
2.Ng1f3 d6
3.d4 cxd4
4.Nf3xd4 Nb8c6
5.Nb1c3 a6
6.Bf1e2 Ng8f6
7.O-O g6
8.Bc1e3 Bf8g7
9.h3 Nc6xd4
10.Be3xd4 O-O
11.Be2f3 e5
12.Bd4e3 Qd8c7
13.Qd1d2 Bc8e6
14.Be3g5 Nf6e8
15.Ra1d1 f6
16.Bg5e3 b5
17.Nc3d5 Qc7f7
18.Qd2a5 Be6xd5
19.exd5 f5
20.Be3c1 e4
21.Bf3e2 Ne8c7
22.c3 f4
23.Bc1xf4 Ra8d8
24.Bf4g3 Kh8
25.a4 Rf8e8
26.axb5 axb5
27.Be2xb5 Nc7xb5
28.Qa5xb5 Rd8b8
29.Qb5e2 Qf7c7
30.Bg3f4 Bg7e5
31.Bf4xe5 Re8xe5
32.Rd1d4 Qc7b7
33.b4 Re5xd5
34.Qe2xe4 Rd5xd4
35.Qe4xd4 Qb7g7
36.Qd4xd6 Rb8c8
37.Rf1c1 h5
38.b5 Rc8xc3
39.Qd6b8 Kh7
40.Rc1xc3 Qg7xc3
41.b6 Qc3e1
42.Kh2 Qe1xf2
43.Qb8c7 { resign }
1-0

[Event "Match"]
[Site "www.echecsemail.com"]
[Date "2019.07.16"]
[Round "1"]
[White "Eeze"]
[Black "Bojan"]
[WhiteElo "1900"]
[BlackElo "2050"]
[Result "0-1"]
[Round "1"]
1.e4 e5
2.Ng1f3 Bf8d6
3.d3 Nb8c6
4.c3 h6
5.Bf1e2 g6
6.b4 a6
7.a4 a5
8.b5 Nc6e7
9.O-O f5
10.exf5 Ne7xf5
11.Bc1a3 Qd8e7
12.Ba3b2 b6
13.Nf3d2 Bc8b7
14.Nd2c4 Bd6c5
15.Be2g4 Qe7g5
16.Nc4xe5 Ng8f6
17.Bb2c1 Qg5h4
18.Ne5xg6 Qh4xg4
19.Qd1xg4 Nf6xg4
20.Ng6xh8 O-O-O
21.Nh8g6 Rd8g8
22.h3 Rg8xg6
23.hxg4 Rg6xg4
24.d4 Rg4xg2
25.Kh1 Rg2xf2
26.Kg1 Rf2g2
27.Kh1 Nf5g3
{ resign }
0-1

[Event "Tourn. n10129"]
[Site "www.echecsemail.com"]
[Date "2019.07.16"]
[Round "1"]
[White "Andychesston"]
[Black "Fabos12"]
[WhiteElo "1980"]
[BlackElo "1850"]
[Result "1-0"]
[Round "1"]
1.e4 e5
2.Ng1f3 Nb8c6
3.d4 exd4
4.Nf3xd4 Ng8e7
5.Bc1f4 Nc6xd4
6.Qd1xd4 Ne7c6
7.Qd4c4 Qd8f6
8.e5 Nc6xe5
9.Qc4e4 d6
10.Nb1c3 Qf6f5
11.Bf1d3 Qf5xe4
12.Nc3xe4 Ne5xd3
13.cxd3 f5
14.Ne4g5 h6
15.Ng5f3 Bf8e7
16.Ra1c1 c6
17.O-O O-O
18.Rc1e1 Kf7
19.Re1e2 g5
20.Bf4d2 Bc8d7
21.Rf1e1 Ra8e8
22.Bd2c3 d5
23.Nf3e5 Ke6
24.Ne5g6 Kd6
25.Ng6xf8  { time }
1-0

[Event "Tourn. n10145"]
[Site "www.echecsemail.com"]
[Date "2019.07.16"]
[Round "1"]
[White "Seger"]
[Black "Conde7"]
[WhiteElo "2820"]
[BlackElo "2830"]
[Result "1/2-1/2"]
[Round "1"]
1.d4 Ng8f6
2.Ng1f3 e6
3.c4 Bf8b4
4.Bc1d2 Bb4xd2
5.Qd1xd2 b6
6.Nb1c3 Bc8b7
7.e3 O-O
8.Bf1d3 Rf8e8
9.O-O Bb7xf3
10.gxf3 d6
11.f4 Nb8d7
12.f3 c6
13.Kh1 g6
14.Rf1g1 a6
15.a4 Qd8e7
16.Ra1e1 Kh8
17.Re1d1 Ra8d8
18.Rd1e1 Rd8c8
19.b4 c5
20.dxc5 dxc5
21.b5 a5
22.Bd3e4 Rc8d8
23.Re1d1 Nd7b8
24.Qd2b2 Kg8
25.Rd1e1 Rd8d6
26.Be4b1 Re8d8
27.Qb2c1 Kh8
28.Rg1g2 Nb8d7
29.e4 Nf6h5
30.e5 Rd6d4
31.Nc3e2 f5
32.exf6 Qe7xf6
33.Ne2xd4 cxd4
34.f5 exf5
35.Rg2e2 Qf6h4
36.Re2e8 Rd8xe8
37.Re1xe8 Kg7
38.Qc1e1 Qh4xe1
39.Re8xe1 Kf6
40.Re1e8 Nh5f4
41.Kg1 Nf4e6
{ draw }
1/2-1/2

[Event "1/8 Finale"]
[Site "www.chess-mail.com"]
[Date "2019.07.16"]
[Round "1"]
[White "Corr"]
[Black "Chessington"]
[WhiteElo "2350"]
[BlackElo "2830"]
[Result "1/2-1/2"]
[Round "1"]
1.e4 e6
2.d4 d5
3.Nb1d2 Bf8e7
4.Ng1f3 Ng8f6
5.Bf1b5 c6
6.Bb5d3 c5
7.e5 Nf6d7
8.c3 b6
9.O-O Bc8a6
10.Nf3e1 Ba6xd3
11.Ne1xd3 Nb8c6
12.Qd1g4 O-O
13.Nd2f3 Kh8
14.a3 Ra8c8
15.Bc1e3 cxd4
16.cxd4 b5
17.Rf1c1 a5
18.h4 a4
19.Be3g5 Qd8e8
20.Bg5xe7 Qe8xe7
21.Qg4g5 Qe7e8
22.Qg5h5 h6
23.g4 Nc6e7
24.Rc1xc8 Qe8xc8
25.Ra1c1 Qc8b7
26.g5 g6
27.Qh5g4 h5
28.Qg4f4 Ne7f5
29.Nd3c5 Qb7a7
30.Nc5xd7 Qa7xd7
31.Rc1c5 Kg7
32.Qf4c1 Qd7b7
33.Qc1c3 Qb7b6
34.Kg2 Rf8a8
35.Kf1 Nf5e7
36.Rc5c7 Ra8a7
37.Rc7xa7 Qb6xa7
38.Ke2 Qa7b7
39.Kd2 Ne7c6
40.Qc3c2 Nc6a5
41.Qc2c3 Na5c6
42.Qc3c2 Kg8
43.Ke1 Qb7b6
44.Qc2c5 Qb6b7
45.Qc5c2 Kf8
46.Kd2 Kg7
47.Ke3 Qb7a8
{ draw }
1/2-1/2

[Event "Tourn. n10126"]
[Site "www.echecsemail.com"]
[Date "2019.07.17"]
[Round "1"]
[White "Chessdna"]
[Black "Cal"]
[WhiteElo "1650"]
[BlackElo "1630"]
[Result "0-1"]
[Round "1"]
1.e4 e5
2.Ng1f3 d6
3.d4 exd4
4.Nf3xd4 c5
5.Nd4e2 Nb8c6
6.Ne2f4 h6
7.g3 a6
8.Nb1c3 Ng8f6
9.Bc1d2 Bf8e7
10.Bf1c4 Nc6e5
11.Bc4e2 O-O
12.h3 b5
13.g4 b4
14.Nc3a4 Bc8b7
15.f3 c4
16.Bd2xb4 Qd8c7
17.Qd1d2 Ra8d8
18.Bb4a5 Qc7c6
19.Ba5xd8 Be7xd8
20.Na4c3 Bd8a5
21.O-O-O Qc6c5
22.Qd2xd6 Qc5e3
23.Kb1 Ba5xc3
 { time }
0-1

[Event "Match"]
[Site "www.echecsemail.com"]
[Date "2019.07.17"]
[Round "1"]
[White "Mitja"]
[Black "Ssharp"]
[WhiteElo "1930"]
[BlackElo "2330"]
[Result "0-1"]
[Round "1"]
1.d4 d5
2.e3 Bc8f5
3.c3 Ng8f6
4.Ng1f3 Nb8d7
5.h3 e6
6.b3 h6
7.Bc1b2 Bf8d6
8.c4 Bf5xb1
9.Qd1xb1 Bd6b4
10.Nf3d2 Nf6e4
11.Qb1d1 Bb4xd2
{ resign }
0-1

[Event "Match"]
[Site "www.echecsemail.com"]
[Date "2019.07.17"]
[Round "1"]
[White "Bojan"]
[Black "Mitja"]
[WhiteElo "2020"]
[BlackElo "2000"]
[Result "1-0"]
[Round "1"]
1.e4 d5
2.exd5 Qd8xd5
3.Nb1c3 Qd5d8
4.h3 e6
5.a3 c6
6.d3 h6
7.Bf1e2 Ng8f6
8.Bc1f4 Qd8d4
9.Qd1d2 b6
10.Ng1f3 Qd4d8
11.O-O Bc8b7
12.Ra1d1 Bf8e7
13.Nf3h2 Nf6d5
14.Bf4e5 Be7f6
15.d4 Nd5xc3
16.Qd2xc3 Qd8e7
17.Be5g3 O-O
18.Bg3f4 Nb8a6
19.Qc3g3 Kh8
20.Nh2g4 Rf8d8
21.c3 Na6b8
22.Rf1e1 Nb8d7
23.Bf4d6 Qe7e8
24.Qg3f4 Bf6g5
25.Qf4f3 Bg5e7
26.Bd6c7 Rd8c8
27.Bc7g3 Nd7f6
28.Be2d3 { resign }
1-0

[Event "Tourn. n10149"]
[Site "www.echecsemail.com"]
[Date "2019.07.17"]
[Round "1"]
[White "Apdash"]
[Black "Mitja"]
[WhiteElo "2170"]
[BlackElo "2000"]
[Result "1-0"]
[Round "1"]
1.e4 d5
2.exd5 Qd8xd5
3.Ng1f3 c6
4.Bf1e2 e6
5.Nb1c3 Qd5d8
6.O-O h6
7.d4 Ng8f6
8.Rf1e1 Bf8e7
9.Nf3e5 b6
10.f4 Bc8b7
11.Be2h5 O-O
12.Bc1e3 Nb8d7
13.Bh5f3 Nd7xe5
14.fxe5 Nf6d5
15.Nc3xd5 cxd5
16.c4 Ra8c8
17.Ra1c1 Qd8d7
18.cxd5 Bb7xd5
19.b3 Bd5xf3
20.Qd1xf3 Rc8xc1
21.Re1xc1 Rf8c8
22.Rc1f1 Be7f8
23.Qf3g4 Kh7
24.Qg4h5 g6
25.Qh5f3 Rc8c7
26.Rf1d1 Qd7e7
27.d5 exd5
28.Qf3xd5 Bf8g7
29.Be3d4 Rc7d7
30.Qd5e4 Qe7e6
31.Rd1e1 Rd7e7
32.Qe4e3 h5
33.Bd4c3 Re7e8
34.Qe3f2 Bg7f8
35.Qf2f4 Bf8g7
36.h3 { resign }
1-0

[Event "Tourn. n10153"]
[Site "www.echecsemail.com"]
[Date "2019.07.17"]
[Round "1"]
[White "Kevinking"]
[Black "Fabos12"]
[WhiteElo "1910"]
[BlackElo "1850"]
[Result "1-0"]
[Round "1"]
1.d4 e6
2.Ng1f3 Nb8c6
3.e4 b6
4.Bc1g5 Bf8e7
5.Bg5f4 g5
6.Bf4e3 Ng8h6
7.Bf1d3 Rh8g8
8.Nb1d2 Bc8b7
9.Qd1e2 Nc6b4
10.c3 Nb4xd3
11.Qe2xd3 f5
12.exf5 Nh6xf5
13.O-O-O Nf5xe3
14.fxe3 h5
15.Qd3h7  { time }
1-0

[Event "Tourn. n10174"]
[Site "www.echecsemail.com"]
[Date "2019.07.17"]
[Round "1"]
[White "Fantomas"]
[Black "Galiany17"]
[WhiteElo "2180"]
[BlackElo "2259"]
[Result "0-1"]
[Round "1"]
1.e4 c5
2.Ng1f3 e6
3.d4 cxd4
4.Nf3xd4 Ng8f6
5.Bf1d3 g6
6.c3 Nb8c6
7.f4 Bf8c5
8.Nd4xc6 dxc6
9.b4 Bc5b6
10.Qd1e2 O-O
11.Nb1a3 Nf6g4
12.Bd3c2 Qd8f6
13.Bc1d2 e5
14.g3 exf4
15.Rh1f1 Ng4e3
16.Bd2xe3 Qf6xc3
{ resign }
0-1

[Event "Match"]
[Site "www.echecsemail.com"]
[Date "2019.07.17"]
[Round "1"]
[White "Fereike"]
[Black "Mitja"]
[WhiteElo "1399"]
[BlackElo "2000"]
[Result "1-0"]
[Round "1"]
1.d4 d5
2.c4 dxc4
3.e3 e6
4.Bf1xc4 c6
5.Ng1f3 h6
6.O-O Ng8f6
7.a3 b6
8.Nb1c3 Bc8b7
9.Qd1e2 Bf8d6
10.e4 Bd6c7
11.Rf1d1 Qd8e7
12.d5 { resign }
1-0

[Event "Tourn. n10170"]
[Site "www.echecsemail.com"]
[Date "2019.07.17"]
[Round "1"]
[White "Darko10"]
[Black "Fantomas"]
[WhiteElo "2880"]
[BlackElo "2200"]
[Result "1-0"]
[Round "1"]
1.c4 c5
2.Ng1f3 g6
3.d4 b6
4.d5 Bf8g7
5.e4 d6
6.h3 Ng8f6
7.Nb1c3 Nb8a6
8.Bf1d3 Na6c7
9.O-O O-O
10.Bc1g5 h6
11.Bg5e3 e5
12.Qd1d2 Kh7
13.Nf3h2 Rf8h8
14.f4 Kg8
15.Nh2f3 Nf6h7
16.fxe5 dxe5
17.Be3xh6 { resign }
1-0

[Event "Match"]
[Site "www.echecsemail.com"]
[Date "2019.07.17"]
[Round "1"]
[White "Mitja"]
[Black "Bojan"]
[WhiteElo "1930"]
[BlackElo "2040"]
[Result "0-1"]
[Round "1"]
1.d4 d5
2.e3 Bc8d7
3.c3 Ng8f6
4.h3 e6
5.Ng1f3 Nb8c6
6.b3 a6
7.Bc1b2 Bf8d6
8.Nb1d2 Qd8e7
9.Bf1e2 e5
10.dxe5 Nc6xe5
11.Nf3xe5 Bd6xe5
12.Nd2f3 Be5d6
13.c4 dxc4
14.Be2xc4 Bd7c6
15.O-O O-O-O
{ resign }
0-1

[Event "1/64 Finale"]
[Site "www.chess-mail.com"]
[Date "2019.07.17"]
[Round "1"]
[White "Mitja"]
[Black "Ssharp"]
[WhiteElo "1930"]
[BlackElo "2330"]
[Result "0-1"]
[Round "1"]
1.d4 d5
2.e3 Ng8f6
3.h3 Bc8f5
4.Bf1d3 Bf5xd3
5.Qd1xd3 e6
6.Ng1f3 Nb8d7
7.c3 Bf8d6
8.b3 O-O
9.O-O e5
10.dxe5 Nd7xe5
{ resign }
0-1

[Event "Tourn. n10155"]
[Site "www.echecsemail.com"]
[Date "2019.07.18"]
[Round "1"]
[White "Fantomas"]
[Black "Claudia"]
[WhiteElo "2190"]
[BlackElo "2190"]
[Result "1-0"]
[Round "1"]
1.e4 c5
2.Ng1f3 d6
3.d4 cxd4
4.Nf3xd4 Ng8f6
5.Nb1c3 e6
6.Bc1e3 Nb8c6
7.Nd4b3 a6
8.Bf1e2 Bf8e7
9.O-O O-O
10.f4 Qd8c7
11.a3 b5
12.Be2f3 Bc8b7
13.Qd1e2 Ra8c8
14.Qe2f2 b4
15.axb4 Nc6xb4
16.Be3b6 Qc7b8
17.Nb3a5 Bb7a8
18.Bb6a7 Qb8c7
19.Ba7b6 Qc7b8
20.Ra1a4 d5
21.e5 Nf6d7
22.Bb6a7 Qb8c7
23.Na5b3 Ba8b7
24.Ba7e3  { time }
1-0

[Event "Tourn. n10152"]
[Site "www.echecsemail.com"]
[Date "2019.07.18"]
[Round "1"]
[White "Cal"]
[Black "Chessdna"]
[WhiteElo "1670"]
[BlackElo "1700"]
[Result "1-0"]
[Round "1"]
1.c4 e5
2.a3 e4
3.e3 c5
4.Nb1c3 Ng8f6
5.h3 d5
6.cxd5 Nf6xd5
7.Nc3xe4 b5
8.Ng1f3 Bf8e7
9.Bf1xb5 Bc8d7
10.Bb5xd7 Nb8xd7
11.O-O  { time }
1-0

[Event "Tourn. n10150"]
[Site "www.echecsemail.com"]
[Date "2019.07.18"]
[Round "1"]
[White "Szustan"]
[Black "Asoka"]
[WhiteElo "2600"]
[BlackElo "2750"]
[Result "1/2-1/2"]
[Round "1"]
1.e4 e5
2.Ng1f3 Nb8c6
3.Nb1c3 Ng8f6
4.d4 exd4
5.Nc3d5 Bf8c5
6.Bc1g5 Bc5e7
7.Bg5f4 d6
8.Nf3xd4 O-O
9.Nd4b5 Nf6xd5
10.exd5 Nc6e5
11.Qd1d2 Ne5g6
12.Bf4e3 c5
13.Bf1e2 a6
14.Nb5c3 b5
15.O-O Bc8f5
16.Ra1e1 b4
17.Nc3d1 Be7f6
18.c3 a5
19.f3 Ra8b8
20.Be3f2 a4
21.Be2d3 Bf5xd3
22.Qd2xd3 Qd8d7
23.Bf2g3 Bf6e5
24.Qd3d2 Be5xg3
25.hxg3 Ng6e5
26.Nd1e3 h5
27.g4 bxc3
28.bxc3 c4
29.gxh5 Ne5d3
30.Re1b1 Qd7a7
31.Kh1 Qa7e7
32.Kg1 { draw }
1/2-1/2

[Event "Tourn. n10063"]
[Site "www.echecsemail.com"]
[Date "2019.07.18"]
[Round "1"]
[White "Nevaeh"]
[Black "Marbachess"]
[WhiteElo "2720"]
[BlackElo "2610"]
[Result "1-0"]
[Round "1"]
1.e4 e6
2.d4 d5
3.Nb1c3 h6
4.Bc1e3 Bf8b4
5.Qd1g4 g6
6.f3 Ng8f6
7.Qg4h4 Bb4e7
8.Qh4f2 dxe4
9.Nc3xe4 Nf6d5
10.O-O-O f5
11.Ne4c5 b6
12.Nc5d3 Nb8c6
13.Ng1e2 Qd8d6
14.Ne2f4 g5
15.Nf4g6 Rh8g8
16.Nd3e5 Nc6xe5
17.Ng6xe5 Bc8b7
18.Be3d2 Rg8g7
19.Bf1b5 c6
20.Bb5a4 Be7f6
21.c4 Nd5f4
22.Bd2xf4 gxf4
23.Rh1e1 O-O-O
24.Qf2c2 c5
25.dxc5 Qd6xc5
26.Ne5d3 Qc5e7
27.Kb1 Rd8d4
28.c5 Kb8
29.a3 Bb7c8
30.Ba4b3 e5
31.cxb6 axb6
32.Nd3b4 Rd4xb4
33.axb4 Qe7xb4
34.Qc2c4 Qb4xc4
35.Bb3xc4 Rg7xg2
36.Rd1d6 Bf6g7
37.Rd6xb6 Kc7
38.Rb6b3 Rg2g6
39.Bc4d3 Rg6c6
40.Rb3a3 Bg7f6
41.Re1c1 Rc6xc1
42.Kxc1 Kb6
43.Kd2 Bf6e7
44.Ra3a8 Kb7
45.Ra8a6 e4
46.Bd3c4 h5
47.Ra6h6 Kc7
48.Rh6xh5 Bc8d7
49.Rh5h7 Kd6
50.b4 exf3
51.b5 Be7d8
52.Ke1 Bd8b6
53.Rh7h6 Kc5
54.Kf2 Bb6a5
55.Bc4f1 Kd5
56.h4 Bd7c8
57.h5 Bc8d7
58.Rh6a6 Ba5c3
59.h6 Kc5
60.h7 Bc3d4
61.Kxf3 Bd4e5
62.Ra6h6 Bd7xb5
63.Bf1xb5 Kxb5
64.h8Q { resign }
1-0

[Event "Match"]
[Site "www.echecsemail.com"]
[Date "2019.07.18"]
[Round "1"]
[White "Aperturaf"]
[Black "Telexmweene"]
[WhiteElo "2720"]
[BlackElo "2219"]
[Result "1-0"]
[Round "1"]
1.e4 c5
2.Ng1f3 d6
3.d4 cxd4
4.Qd1xd4 Nb8c6
5.Bf1b5 Bc8d7
6.Bb5xc6 Bd7xc6
7.Nb1c3 Ng8f6
8.Bc1g5 e5
9.Qd4d3 Bf8e7
10.Bg5xf6 Be7xf6
11.O-O-O Bf6e7
12.Nf3d2 Qd8c7
13.Nd2c4 Ra8d8
14.h4 O-O
15.Nc4e3 b5
16.Nc3xb5 Bc6xb5
17.Qd3xb5 Rd8b8
18.Ne3d5 Rb8xb5
19.Nd5xc7 Rb5c5
20.Nc7d5 Be7d8
21.Nd5e3 Rc5c6
22.Ne3f5 g5
23.hxg5 Bd8xg5
24.Kb1 Rf8d8
25.Rh1h5 Bg5f6
26.b3 a5
27.Rd1d3 Rd8d7
28.Rh5h6 Bf6g7
29.Rd3g3 f6
30.Rh6xf6 Kh8
31.Nf5xg7 { resign }
1-0

[Event "Tourn. n10164"]
[Site "www.echecsemail.com"]
[Date "2019.07.18"]
[Round "1"]
[White "Bigrezi"]
[Black "Apdash"]
[WhiteElo "2090"]
[BlackElo "2220"]
[Result "1-0"]
[Round "1"]
1.e4 c5
2.Ng1f3 d6
3.d4 cxd4
4.Nf3xd4 Nb8c6
5.Bf1b5 Bc8d7
6.O-O a6
7.Nd4xc6 bxc6
8.Bb5c4 e6
9.Rf1e1 Qd8b6
10.Nb1c3 Bf8e7
11.Bc1e3 Qb6b4
12.Bc4b3 Ng8f6
13.a3 Qb4b7
14.Be3g5 O-O
15.Ra1b1 Qb7c7
16.Qd1d3 Rf8e8
17.Rb1d1 d5
18.exd5 cxd5
19.Bb3xd5 exd5
20.Re1xe7 Re8xe7
21.Bg5xf6 Re7e6
22.Nc3xd5 Qc7c5
23.Qd3g3 g6
24.Bf6c3 Bd7c6
25.Nd5c7 Re6e8
26.Qg3h4 f6
27.Qh4xf6 Qc5f8
28.Qf6h8 Kf7
29.Qh8xh7 { resign }
1-0

[Event "Tourn. n10128"]
[Site "www.echecsemail.com"]
[Date "2019.07.19"]
[Round "1"]
[White "Asoka"]
[Black "Szustan"]
[WhiteElo "2730"]
[BlackElo "2610"]
[Result "1/2-1/2"]
[Round "1"]
1.e4 e5
2.Ng1f3 Nb8c6
3.Bf1b5 a6
4.Bb5xc6 dxc6
5.O-O f6
6.d4 exd4
7.Nf3xd4 c5
8.Nd4e2 Qd8xd1
9.Rf1xd1 Bc8d7
10.Nb1c3 O-O-O
11.Bc1e3 Rd8e8
12.Rd1d2 Bd7c6
13.Ra1d1 b6
14.a4 a5
15.Nc3b5 Kb7
16.h3 g5
17.Ne2c3 Ng8e7
18.Rd2d8 h5
19.Kf1 Ne7c8
20.Rd8xe8 Bc6xe8
21.h4 c6
22.Nb5a3 gxh4
23.Be3f4 Bf8e7
24.Kg1 Ka6
25.Na3c4 Be8f7
26.Nc4e3 Rh8d8
27.Ne3f5 Rd8xd1
28.Nc3xd1 Be7f8
29.Kh2 c4
30.Kh3 b5
31.Kxh4 bxa4
32.Bf4c1 Bf8b4
33.c3 Bb4c5
34.Nd1e3 a3
35.bxa3 Kb5
36.Nf5h6 Bf7g6
37.f3 Nc8b6
38.g4 hxg4
39.Nh6xg4 Bc5e7
40.Kg3 Nb6a4
41.Kf2 Na4xc3
42.Bc1b2 Nc3b1
43.Bb2xf6 Be7c5
44.Ng4e5 Nb1xa3
45.Ne5xg6 Na3c2
46.Ke2 Nc2xe3
47.Ng6f4 a4
48.Kd2 Ne3f1
49.Kc2 Nf1e3
{ draw }
1/2-1/2

[Event "Tourn. n10129"]
[Site "www.echecsemail.com"]
[Date "2019.07.19"]
[Round "1"]
[White "Andychesston"]
[Black "Jerome"]
[WhiteElo "1980"]
[BlackElo "1869"]
[Result "0-1"]
[Round "1"]
1.e4 c5
2.Ng1f3 e6
3.Bf1b5 a6
4.Bb5a4 b5
5.c3 bxa4
6.Qd1xa4 Ng8f6
7.d3 Bc8b7
8.Nf3e5 Nb8c6
9.Ne5c4 d5
10.Nc4e5 Qd8c7
11.Bc1f4 Bf8d6
12.Ne5xc6 Bb7xc6
13.Bf4xd6 Qc7xd6
14.Qa4c2 dxe4
15.d4 cxd4
16.Nb1d2 e3
17.fxe3 dxe3
18.Nd2c4 Qd6f4
19.Rh1f1 Qf4xc4
20.b3 Qc4c5
21.b4 Qc5g5
22.g3 Ra8d8
23.Rf1f4 Rd8d2
24.Qc2xd2 exd2
25.Kxd2 Nf6d5
26.h4 Qg5xg3
27.Rf4c4 Qg3e3
28.Kc2 Qe3e2
29.Kb3 Bc6a4
30.Kxa4 Qe2xc4
{ resign }
0-1

[Event "Tourn. n10097"]
[Site "www.echecsemail.com"]
[Date "2019.07.19"]
[Round "1"]
[White "Ejner"]
[Black "Myny2005"]
[WhiteElo "2470"]
[BlackElo "2239"]
[Result "1/2-1/2"]
[Round "1"]
1.Ng1f3 Ng8f6
2.b3 g6
3.Bc1b2 Bf8g7
4.e3 O-O
5.Bf1e2 d6
6.d4 e5
7.dxe5 Nf6d7
8.O-O Nb8c6
9.Nb1c3 Nc6xe5
10.Nf3d4 Rf8e8
11.Qd1d2 Nd7c5
12.Ra1e1 a5
13.a4 Ne5c6
14.Nc3d1 Nc6b4
15.Qd2c1 d5
16.Nd4f3 Bg7xb2
17.Qc1xb2 c6
18.Nd1c3 Bc8f5
19.Nf3d4 Qd8f6
20.Be2d1 Nc5e6
21.Nd4xf5 Qf6xf5
22.Nc3a2 Nb4xa2
23.Qb2xa2 Qf5e5
24.Bd1e2 Ra8d8
25.Be2d3 Ne6c5
26.Qa2b1 Qe5c3
27.Re1e2 h5
28.Qb1e1 Qc3b2
29.Qe1d1 Qb2f6
30.Re2d2 Qf6e7
{ draw }
1/2-1/2

[Event "Tourn. n10157"]
[Site "www.echecsemail.com"]
[Date "2019.07.19"]
[Round "1"]
[White "Andychesston"]
[Black "Argento"]
[WhiteElo "1970"]
[BlackElo "1799"]
[Result "0-1"]
[Round "1"]
1.e4 e5
2.Ng1f3 Nb8c6
3.d4 exd4
4.Nf3xd4 Ng8f6
5.Bc1g5 Bf8e7
6.Nb1c3 Nf6xe4
7.Nc3xe4 Be7xg5
8.Nd4f5 O-O
9.h4 Bg5f6
10.Ra1b1 Rf8e8
11.Qd1g4 d5
12.Bf1d3 dxe4
13.Bd3xe4 Bc8xf5
14.Qg4xf5 g6
15.Qf5f3 Qd8d4
16.O-O Re8xe4
17.c3 Qd4e5
18.h5 Re4h4
19.g3 Rh4xh5
20.Rb1e1 Qe5f5
21.Qf3g2 Qf5h3
22.Qg2xh3 Rh5xh3
23.Kg2 Rh3h5
24.g4 Rh5d5
25.c4 Rd5d2
26.Kg3 Rd2xb2
27.Re1d1 Rb2xa2
28.Rd1d7 Ra8d8
29.Rd7xc7 Bf6e5
{ resign }
0-1

[Event "Tourn. n10129"]
[Site "www.echecsemail.com"]
[Date "2019.07.19"]
[Round "1"]
[White "Malbertan"]
[Black "Andychesston"]
[WhiteElo "2020"]
[BlackElo "1980"]
[Result "1-0"]
[Round "1"]
1.e4 e5
2.f4 exf4
3.Ng1f3 d5
4.exd5 Qd8xd5
5.Nb1c3 Qd5h5
6.d4 Bc8g4
7.Bf1e2 Ng8f6
8.O-O Bf8d6
9.Nc3b5 Nf6d5
10.c4 Nd5e3
11.Bc1xe3 fxe3
12.Nb5xd6 cxd6
13.Qd1d3 O-O
14.Qd3xe3 Nb8d7
15.Qe3d2 Nd7f6
16.Be2d3 Ra8e8
17.h3 Bg4xh3
18.gxh3 Qh5xh3
19.Qd2g2 Qh3xg2
20.Kxg2 Re8e3
21.Ra1d1 Rf8e8
22.Rf1e1 Nf6h5
23.Re1xe3 Re8xe3
24.Rd1e1 Re3xe1
25.Nf3xe1 Nh5f4
26.Kf3 g5
27.Bd3e4 b6
28.Kg4 f6
29.Ne1d3 h5
30.Kf5 Nf4e2
31.Kxf6 g4
32.Kg5 Ne2xd4
33.Kxh5 g3
34.Kg4 Kf7
35.Kxg3 Kf6
36.Nd3b4 Ke5
37.Be4b1 Nd4e2
38.Kf3 Ne2d4
39.Ke3 a5
40.Nb4d5 b5
41.Nd5b6 bxc4
42.Nb6xc4 Kd5
43.Nc4xd6 Nd4c6
44.Nd6b7 a4
45.Bb1e4 { resign }
1-0

[Event "Tourn. n10164"]
[Site "www.echecsemail.com"]
[Date "2019.07.19"]
[Round "1"]
[White "Apdash"]
[Black "Francesco"]
[WhiteElo "2210"]
[BlackElo "2200"]
[Result "1-0"]
[Round "1"]
1.e4 c6
2.Ng1f3 d5
3.exd5 cxd5
4.Bf1b5 Bc8d7
5.Bb5xd7 Nb8xd7
6.O-O e6
7.Nb1c3 Ng8f6
8.Rf1e1 Bf8c5
9.d4 Bc5d6
10.Bc1g5 O-O
11.Nf3e5 Ra8c8
12.Ne5xd7 Qd8xd7
13.Bg5xf6 gxf6
14.Qd1h5 Kh8
15.Re1e3 Rf8g8
16.Ra1e1 Rg8g5
17.Qh5h6 Rg5g6
18.Qh6h4 Rc8g8
19.g3 Rg6g4
20.Qh4xf6 Rg8g7
21.Nc3e2 Bd6e7
22.Qf6f3 Qd7a4
23.Re3c3 Qa4d7
24.Ne2f4 Be7b4
25.Nf4h5 Rg7g6
26.Nh5f6 Rg6xf6
27.Qf3xf6 Kg8
28.Re1e3 Bb4xc3
29.Re3xc3 Rg4g6
30.Qf6e5 f6
31.Qe5b8 { resign }
1-0

[Event "Tourn. n10156"]
[Site "www.echecsemail.com"]
[Date "2019.07.19"]
[Round "1"]
[White "Dougbeer"]
[Black "Foxy100"]
[WhiteElo "2530"]
[BlackElo "2490"]
[Result "1-0"]
[Round "1"]
1.e4 e5
2.Bf1c4 Ng8f6
3.d4 exd4
4.Ng1f3 Nb8c6
5.e5 d5
6.Bc4b5 Nf6e4
7.Nf3xd4 Bc8d7
8.Bb5xc6 Bd7xc6
9.Nd4xc6 bxc6
10.O-O Bf8c5
11.Nb1d2 Ne4xd2
12.Qd1xd2 O-O
13.Qd2c3 Qd8e7
14.Bc1e3 Bc5xe3
15.Qc3xe3 Rf8e8
16.f4 Qe7b4
17.b3 Qb4b6
18.Ra1e1 a5
19.c3 c5
20.c4 c6
21.f5 f6
22.Qe3f3 Re8xe5
23.Re1xe5 fxe5
24.f6 Ra8f8
25.Qf3g4 Qb6b7
26.Qg4e6 Rf8f7
27.Qe6e8 Rf7f8
28.Qe8xe5 gxf6
29.Qe5e6 Kg7
30.Qe6d6 dxc4
31.Rf1f3 cxb3
32.Rf3g3 Kf7
33.Qd6d3 Rf8h8
34.Qd3c4 Kf8
35.Qc4h4 Qb7f7
36.Qh4h6 Ke8
37.Rg3xb3 Qf7d5
38.Rb3b8 Kf7
39.Rb8b7 { resign }
1-0

[Event "Match"]
[Site "www.echecsemail.com"]
[Date "2019.07.20"]
[Round "1"]
[White "Apdash"]
[Black "Micheles"]
[WhiteElo "2220"]
[BlackElo "2580"]
[Result "0-1"]
[Round "1"]
1.e4 c6
2.d4 d5
3.e5 Bc8f5
4.Ng1f3 e6
5.c4 Ng8e7
6.Nb1c3 h6
7.cxd5 Ne7xd5
8.Bf1e2 Bf8e7
9.O-O O-O
10.Qd1b3 Qd8b6
11.Nc3xd5 exd5
12.Qb3xb6 axb6
13.a3 c5
14.Bc1e3 Nb8c6
15.dxc5 bxc5
16.Be2b5 Nc6a7
17.Bb5a4 Rf8d8
18.Ra1c1 b5
19.Ba4b3 d4
20.Be3d2 Na7c6
21.Rf1e1 c4
22.Bb3xc4 bxc4
23.Rc1xc4 Ra8a6
24.Re1c1 Bf5e4
25.b4 Be4xf3
26.gxf3 Nc6xe5
{ resign }
0-1

[Event "Tourn. n10172"]
[Site "www.echecsemail.com"]
[Date "2019.07.20"]
[Round "1"]
[White "Hundegana"]
[Black "Bojan"]
[WhiteElo "2020"]
[BlackElo "1960"]
[Result "1-0"]
[Round "1"]
1.e4 e5
2.Ng1f3 d6
3.c4 Bc8d7
4.Nb1c3 c6
5.d4 f6
6.dxe5 fxe5
7.Bc1g5 Bf8e7
8.h4 Bd7g4
9.Bf1e2 Bg4xf3
10.Be2xf3 Be7xg5
11.hxg5 Qd8xg5
12.Qd1xd6 Ng8f6
13.Qd6e6 Kf8
14.Qe6c8 Kf7
15.Qc8xh8 Qg5g6
16.Qh8c8 a5
17.Qc8xb7 Nb8d7
18.Qb7xa8 { resign }
1-0

[Event "Tourn. n10174"]
[Site "www.echecsemail.com"]
[Date "2019.07.20"]
[Round "1"]
[White "Fantomas"]
[Black "Conde7"]
[WhiteElo "2160"]
[BlackElo "2870"]
[Result "0-1"]
[Round "1"]
1.d4 Ng8f6
2.Ng1f3 e6
3.Nb1c3 d5
4.a3 Nb8d7
5.h3 c5
6.e3 b6
7.Bf1e2 Bf8e7
8.O-O Bc8b7
9.Rf1e1 Ra8c8
10.Be2f1 a6
11.Nc3e2 Be7d6
12.b3 O-O
13.c3 Nf6e4
14.Bc1b2 Qd8f6
15.Ra1c1 c4
16.b4 g5
17.Rc1c2 Bb7c6
18.Rc2c1 h5
{ resign }
0-1

[Event "Tourn. n10159"]
[Site "www.echecsemail.com"]
[Date "2019.07.20"]
[Round "1"]
[White "Asoka"]
[Black "Reignblowcan"]
[WhiteElo "2750"]
[BlackElo "2640"]
[Result "1-0"]
[Round "1"]
1.b3 c5
2.e4 Nb8c6
3.Ng1f3 d6
4.Bf1b5 g6
5.Bc1b2 e5
6.O-O Bf8g7
7.b4 cxb4
8.d4 exd4
9.Nf3xd4 Qd8b6
10.Nb1d2 Bg7xd4
11.Bb5xc6 bxc6
12.Nd2c4 Bd4xb2
13.Nc4xb6 axb6
14.Qd1xd6 Ng8e7
15.Ra1d1 Bc8g4
16.f3 Bg4e6
17.f4 Be6g4
18.Rd1d3 Bg4e2
19.Qd6d7 Kf8
20.Rd3b3 Bb2g7
21.Rf1e1 Be2c4
22.Rb3xb4 b5
23.Rb4xc4 bxc4
24.e5 h5
25.a4 Bg7h6
26.g3 Ra8e8
27.a5 Ne7f5
28.Qd7xc6 Re8e6
29.Qc6xc4 Kg7
30.Re1b1 { resign }
1-0

[Event "Tourn. n10176"]
[Site "www.echecsemail.com"]
[Date "2019.07.20"]
[Round "1"]
[White "Apdash"]
[Black "Galiany17"]
[WhiteElo "2190"]
[BlackElo "2089"]
[Result "0-1"]
[Round "1"]
1.e4 c5
2.Ng1f3 d6
3.d4 cxd4
4.Nf3xd4 Ng8f6
5.Nb1c3 g6
6.Bf1c4 Bf8g7
7.O-O O-O
8.Bc1g5 Nb8c6
9.Nd4xc6 bxc6
10.Kh1 Ra8b8
11.Bc4b3 h6
12.Bg5e3 c5
13.Qd1d2 Bc8a6
14.Rf1e1 Nf6g4
15.h3 Ng4xe3
16.Re1xe3 c4
17.Bb3a4 Rb8xb2
18.Nc3d5 e6
19.Nd5c3 Qd8a5
20.e5 Bg7xe5
21.Ba4c6 Be5f4
22.Qd2c1 Bf4xe3
23.Qc1xe3 Rb2xc2
24.Nc3e2 Qa5d2
25.Qe3xa7 Qd2xe2
26.Qa7xa6 d5
27.a4 Qe2xf2
28.Ra1g1 Qf2e3
29.Bc6b5 c3
30.Qa6c6 Rc2c1
31.Rg1xc1 Qe3xc1
32.Kh2 c2
{ resign }
0-1

[Event "Match"]
[Site "www.echecsemail.com"]
[Date "2019.07.20"]
[Round "1"]
[White "Sociopath"]
[Black "Nevaeh"]
[WhiteElo "2790"]
[BlackElo "2850"]
[Result "1/2-1/2"]
[Round "1"]
1.e4 c5
2.Ng1f3 e6
3.d4 cxd4
4.Nf3xd4 Nb8c6
5.Nb1c3 Ng8f6
6.Nd4b5 d6
7.Bc1f4 e5
8.Bf4g5 a6
9.Nb5a3 b5
10.Bg5xf6 gxf6
11.Nc3d5 f5
12.Bf1d3 Bc8e6
13.O-O Be6xd5
14.exd5 Nc6e7
15.Na3xb5 Bf8g7
16.Nb5c3 e4
17.Bd3e2 Ne7g6
18.Qd1d2 O-O
19.Ra1b1 Rf8e8
20.f4 exf3
21.Be2xf3 Ra8b8
22.Nc3d1 Qd8h4
23.c3 a5
24.g3 Qh4f6
25.Nd1f2 a4
26.Nf2d3 f4
27.Bf3h5 Qf6f5
28.Bh5xg6 hxg6
29.Nd3xf4 Re8e4
30.Nf4e6 Qf5e5
31.Ne6xg7 Re4e2
32.Qd2d4 Qe5xd4
33.cxd4 Kxg7
34.Rf1f2 Re2e7
35.Rb1c1 Rb8b4
36.Rc1c6 Re7d7
37.Rf2d2 Rd7b7
38.Rc6c2 Rb7b5
39.a3 Rb4b3
40.Rc2c7 Rb3xb2
41.Rd2xb2 Rb5xb2
42.Rc7a7 Rb2d2
43.Ra7xa4 { draw }
1/2-1/2